Korean War Quiz - Statistics

General Stats
  • This quiz has been taken 41 times
  • The average score is 19 of 40
Answer Stats
Question Answer % Correct
What year did the Korean War begin? 1950
94%
What year did the Korean War end in a ceasefire? 1953
94%
Who was North Korea’s leader during the Korean War? Kim Il-sung
94%
Which country provided the most troops to the UN coalition? United States
94%
Who commanded UN forces during the initial months of the Korean War? Douglas MacArthur
91%
Which line of latitude separated North and South Korea before the war? 38th parallel
82%
What country sent the most troops to support North Korea? China
79%
What major river did Chinese forces cross to join the war? Yalu River
76%
What Cold War rival refused to attend the UN Security Council vote on Korea? Soviet Union
73%
Who led South Korea during the Korean War? Syngman Rhee
73%
What name was given to the 2.5-mile wide buffer zone created in 1953? Demilitarized Zone
67%
What was the first capital city captured by North Korean forces? Seoul
67%
Which U.S. President signed the Korean War armistice? Dwight D. Eisenhower
64%
What was the name of the UN amphibious landing behind enemy lines in 1950? Incheon Landing
64%
Why was General Douglas MacArthur relieved of his command in 1951? He publicly challenged presidential policy
55%
What month and year was the Korean Armistice Agreement signed? July 1953
55%
Which battle is considered the first significant UN victory on land? Battle of Pusan Perimeter
52%
Who became Supreme Commander of UN forces after MacArthur? Matthew Ridgway
52%
What major city was recaptured in just two weeks after the Incheon Landing? Seoul
48%
What mountainous region saw fierce battles between UN and Chinese troops? Chosin Reservoir
45%
What U.S. aircraft dominated dogfights over “MiG Alley”? F-86 Sabre
45%
What was the primary reason China intervened in the war? To protect the Yalu River border
36%
What South Korean port became the last defensive perimeter in 1950? Busan
33%
What political status did Korea have prior to World War II? Japanese colony
30%
Which major city in North Korea was captured by UN forces in 1950? Pyongyang
30%
What role did Ethiopia play in the Korean War? Sent troops
30%
What type of warfare dominated the final two years of the war? Trench warfare
30%
What codename was given to the Incheon amphibious landing operation? Operation Chromite
27%
What was the approximate number of countries in the UN coalition? 21
24%
Which of these U.S. allies contributed air squadrons to the UN effort? Canada
21%
What major military advancement was widely used by the U.S. in Korea for the first time? Jet aircraft
21%
What Asian country besides China supported North Korea with arms and supplies? Mongolia
21%
Which Korean city served as the site of armistice negotiations? Panmunjom
21%
Which battle featured one of the coldest conditions U.S. troops had ever fought in? Battle of Chosin Reservoir
18%
Which general died in a jeep accident shortly after arriving in Korea? Walton Walker
18%
What symbolic mountain on the North Korea–China border is considered sacred? Mount Paektu
12%
Which European nation suffered the highest casualty rate per capita? Luxembourg
9%
What Korean island was used to detain communist POWs? Geoje
6%
What Korean War battle is often compared to Gettysburg for UN troops? Battle of Chipyong-ni
3%
What 1951 battle halted the Chinese advance toward Seoul? Battle of Chipyong-ni
3%
No matching quizzes found
Score Distribution
Percent of People with Each Score
Percentile by Number Answered
Your Score History
You have not taken this quiz